Every Ride at Kings Island - Statistics

General Stats
  • This quiz has been taken 17 times
  • The average score is 21 of 48
Answer Stats
Answer % Correct
Diamondback
100%
Orion
100%
The Bat
100%
The Beast
100%
Banshee
89%
Drop Tower
89%
Flight of Fear
89%
Mystic Timbers
89%
Adventure Express
78%
The Racer
78%
WindSeeker
78%
Woodstock Express
78%
Delirium
67%
Invertigo
67%
Queen City Stunt Coaster
67%
The Great Pumpkin Coaster
67%
Dodgem
56%
Woodstock's Air Rail
56%
Boo Blasters on Boo Hill
44%
Cargo Loco
44%
Snoopy's Soap Box Racers
44%
Sol Spin
44%
Zephyr
44%
Monster
33%
Scrambler
33%
Shake, Rattle and Roll
33%
Charlie Brown's Rushing River Log Ride
22%
Congo Falls
22%
Joe Cool's Dodgem School
22%
K.I. and Miami Valley Railroad
22%
Kings Mills Antique Autos
22%
Kite Eating Tree
22%
PEANUTS 500
22%
Surf Dog
22%
Viking Fury
22%
White Water Canyon
22%
Character Carousel
11%
Charlie Brown's Wind Up
11%
Franklin's Flyers
11%
Grand Carousel
11%
Linus' Beetle Bugs
11%
Linus Launcher
11%
PEANUTS Off-Road Rally
11%
Sally's Sea Plane
11%
Snoopy's Junction
11%
Snoopy vs. Red Baron
11%
Woodstock Whirlybirds
11%
Snoopy's Space Buggies
0%
No matching quizzes found
Score Distribution
Percent of People with Each Score
Percentile by Number Answered
Your Score History
You have not taken this quiz